000 00620cam a2200217 4500
001 45806
090 _a45806
100 _a19990108d1945 m y0pory50030103ba
101 1 _apor
102 _aPT
200 1 _aMataram mister Shang
_fJohn S. Falk
_gversão livre de Mário Moita
210 9 _aLisboa
_cRomano Torres,
_d1945
215 _a183, [9] p.
_d20 cm
225 2 _aGrandes mistérios, grandes aventuras
_v13
304 _aTít. orig.: The green Jade
317 _aArquivo da Editora Romano Torres
675 _a821.111(73)-31
700 1 _aFalk,
_bJohn S.
702 1 _aMoita,
_bMário
_4730
801 0 _aPT
_bBN
_gRPC
990 _cLIVROS